|
|
|
|
| LEADER |
01453nam a2200289 a 4500 |
| 001 |
009737712-0 |
| 005 |
20050816160555.0 |
| 008 |
090708s1997 ne ae bm 000 0 eng d |
| 020 |
|
|
|a 9052692262
|
| 040 |
|
|
|a YUS
|c YUS
|d OCLCQ
|
| 082 |
0 |
0 |
|a 729.32
|2 21
|
| 100 |
1 |
|
|a Bilodeau, Denis.
|
| 245 |
1 |
0 |
|a Precedents and design thinking in an age of relativization :
|b the transformations of the normative discourse on the orders of architecture in France between 1650 and 1793 /
|c door Denis Bilodeau.
|
| 246 |
3 |
0 |
|a Transformations of the normative discourse on the orders of architecture in France between 1650 and 1793
|
| 260 |
|
|
|a Delft : |b Publikatieburo Bouwkunde, Faculty of Architecture Delft University of Technology,
|c c1997.
|
| 300 |
|
|
|a xiii, 319 p. :
|b ill., plan ;
|c 24 cm.
|
| 546 |
|
|
|a In English; summaries in English and Dutch.
|
| 502 |
|
|
|a Thesis (doctoral)--Technische Universiteit Delft, 1997.
|
| 541 |
1 |
|
|e 00010345
|
| 650 |
0 |
|
|a Architecture
|x Orders.
|
| 650 |
0 |
|
|a Architecture
|z France
|y 17th century.
|
| 650 |
0 |
|
|a Architecture
|z France
|y 18th century.
|
| 650 |
0 |
|
|a Aesthetics, French
|y 17th century.
|
| 650 |
0 |
|
|a Aesthetics, French
|y 18th century.
|
| 852 |
4 |
|
|a Ayesha Abed Library
|j General Shelf.
|
| 999 |
|
|
|c 2173
|d 2173
|
| 952 |
|
|
|0 0
|1 0
|2 ddc
|4 0
|6 729_320000000000000_BIL
|7 0
|9 2003
|a BRACUL
|b BRACUL
|c GEN
|d 2009-07-08
|g 0.00
|l 0
|o 729.32 BIL
|p 3010010345
|r 2009-07-08
|t 1
|w 2009-07-08
|y BK
|x No price found in the accession register.
|